<?xml version="1.0" encoding="UTF-8"?>
<collection xmlns="http://www.loc.gov/MARC21/slim">
    <record>
        <controlfield tag="001">86656</controlfield>
        <controlfield tag="005">20200108151733.0</controlfield>
        <datafield tag="037" ind1=" " ind2=" ">
            <subfield code="a">TAZ-TFM-2019-886</subfield>
        </datafield>
        <datafield tag="041" ind1=" " ind2=" ">
            <subfield code="a">spa</subfield>
        </datafield>
        <datafield tag="100" ind1="1" ind2=" ">
            <subfield code="a">Martínez Carnicer, Guillermo</subfield>
        </datafield>
        <datafield tag="242" ind1="0" ind2="0">
            <subfield code="a">Inactivation of pathogenic germs by combined processes O3 / S2O82-, O3 / HSO5-, O3 / H2O2</subfield>
        </datafield>
        <datafield tag="245" ind1="0" ind2="0">
            <subfield code="a">Inactivación de gérmenes patógenos mediante procesos combinados O3 / S2O82-, O3 / HSO5-, O3 / H2O2</subfield>
        </datafield>
        <datafield tag="260" ind1=" " ind2=" ">
            <subfield code="a">Zaragoza</subfield>
            <subfield code="b">Universidad de Zaragoza</subfield>
            <subfield code="c">2019</subfield>
        </datafield>
        <datafield tag="506" ind1=" " ind2=" ">
            <subfield code="a">by-nc-sa</subfield>
            <subfield code="b">Creative Commons</subfield>
            <subfield code="c">3.0</subfield>
            <subfield code="u">http://creativecommons.org/licenses/by-nc-sa/3.0/</subfield>
        </datafield>
        <datafield tag="520" ind1=" " ind2=" ">
            <subfield code="a">El presente trabajo de investigación se ha realizado con el grupo de investigación de “Agua y Salud Ambiental” de la Universidad de Zaragoza, y se encuentra en el marco del progreso de líneas de investigación enfocadas al desarrollo de técnicas de desinfección de aguas residuales empleando procesos avanzados de oxidación. En este caso concreto, se ha llevado a cabo un proceso de desinfección de dos bacterias, Escherichia coli y Enterococcus sp., mediante un novedoso proceso de oxidación avanzada basado en la combinación de ozono con sales de persulfato, en nuestro caso, el peroxidisulfato de sodio y el monopersulfato de potasio. La Escherichia coli y los Enterococcus sp. se consideran bacterias indicadoras de microorganismos patógenos en aguas residuales y por ello se han empleado ampliamente en el desarrollo de diferentes procesos de desinfección. Gracias a una planta de generación de ozono in-situ y las sales de persulfato se ha llevado a cabo una comparación entre la eficacia de desinfección de los tratamientos con ozono en solitario y ozono combinado con dos oxidantes de tipo parsulfato. Empleando una serie de sustancias denominadas “scavengers” que actúan como captadoras de radicales se estudió la vías de desinfección de los oxidantes empleados. Empleando técnicas microbiológicas se pudo conocer el efecto de los procesos de desactivación bacteriana en función del tiempo, y en función de la concentración de los oxidantes empleados. Para finalizar, se estudió el efecto de la combinación de los oxidantes investigados en muestras reales de salida de una estación de depuración de aguas residuales.&lt;br /></subfield>
        </datafield>
        <datafield tag="521" ind1=" " ind2=" ">
            <subfield code="a">Máster Universitario en Química industrial</subfield>
        </datafield>
        <datafield tag="540" ind1=" " ind2=" ">
            <subfield code="a">Derechos regulados por licencia Creative Commons</subfield>
        </datafield>
        <datafield tag="700" ind1=" " ind2=" ">
            <subfield code="a">Mosteo Abad, Rosa</subfield>
            <subfield code="e">dir.</subfield>
        </datafield>
        <datafield tag="700" ind1=" " ind2=" ">
            <subfield code="a">Rodríguez Chueca, Jorge</subfield>
            <subfield code="e">dir.</subfield>
        </datafield>
        <datafield tag="710" ind1="2" ind2=" ">
            <subfield code="a">Universidad de Zaragoza</subfield>
            <subfield code="b">Ingeniería Química y Tecnologías del Medio Ambiente</subfield>
            <subfield code="c">Tecnologías del Medio Ambiente</subfield>
        </datafield>
        <datafield tag="856" ind1="0" ind2=" ">
            <subfield code="f">597200@celes.unizar.es</subfield>
        </datafield>
        <datafield tag="856" ind1="4" ind2=" ">
            <subfield code="s">1241164</subfield>
            <subfield code="u">http://zaguan.unizar.es/record/86656/files/TAZ-TFM-2019-886.pdf</subfield>
            <subfield code="y">Memoria (spa)</subfield>
        </datafield>
        <datafield tag="856" ind1="4" ind2=" ">
            <subfield code="s">434407</subfield>
            <subfield code="u">http://zaguan.unizar.es/record/86656/files/TAZ-TFM-2019-886_ANE.pdf</subfield>
            <subfield code="y">Anexos (spa)</subfield>
        </datafield>
        <datafield tag="909" ind1="C" ind2="O">
            <subfield code="o">oai:zaguan.unizar.es:86656</subfield>
            <subfield code="p">driver</subfield>
            <subfield code="p">trabajos-fin-master</subfield>
        </datafield>
        <datafield tag="950" ind1=" " ind2=" ">
            <subfield code="a"></subfield>
        </datafield>
        <datafield tag="951" ind1=" " ind2=" ">
            <subfield code="a">deposita:2020-01-08</subfield>
        </datafield>
        <datafield tag="980" ind1=" " ind2=" ">
            <subfield code="a">TAZ</subfield>
            <subfield code="b">TFM</subfield>
            <subfield code="c">CIEN</subfield>
        </datafield>
        <datafield tag="999" ind1=" " ind2=" ">
            <subfield code="a">20190913094932.CREATION_DATE</subfield>
        </datafield>
    </record>

    
</collection>